| 000 | 00498cam a2200193 4500 | ||
|---|---|---|---|
| 001 | D10032 | ||
| 008 | 090401t1982 xxu||||| |||| 00| 0 eng d | ||
| 035 | _a(Sirsi) u1354 | ||
| 041 | _aeng | ||
| 050 | _a526.9 | ||
| 100 | _aWright, John | ||
| 245 | _aGround and air survey for field scientists | ||
| 260 |
_aOxford _bClarendon Press _c1982 |
||
| 300 | _ax. 327p. 22cm | ||
| 350 | _a30 | ||
| 490 | _aOxford Science Monographs on Soil and Resources Survey | ||
| 942 | _n0 | ||
| 948 | _c04/03/1997 | ||
| 999 |
_c85662 _d85662 |
||